|
|
|
|
| LEADER |
00000cam a2200000 a 4500 |
| 001 |
vtls001261336 |
| 003 |
SK-MaSNL |
| 005 |
20260301154921.0 |
| 008 |
240315s1962 gw 00000bger |
| 035 |
|
|
|a SNK000212203
|
| 040 |
|
|
|a SNK
|b slo
|c SNK
|e AACR2
|
| 041 |
0 |
|
|a ger
|
| 044 |
|
|
|a gw
|c DE
|
| 245 |
0 |
0 |
|a Johann Gottlieb Fichte und seine Bedeutung für die Gegenwart
|c Dieter Bergner. Fichte in Jena / Georg Mende
|
| 260 |
|
|
|a Jena
|b Friedrich Schiller Universität
|c 1962
|
| 300 |
|
|
|a 31, [1] s.
|c 8°
|
| 490 |
0 |
|
|a Jener Reden und Schtiften. Neue Folge
|v Heft 4. 1962
|
| 600 |
1 |
7 |
|a Fichte, Johann Gottlieb,
|d 1762-1814
|2 SNKMA
|9 111277
|
| 655 |
|
7 |
|a štúdie
|2 SNKPH
|9 57033
|
| 700 |
1 |
2 |
|a Bergner, Dieter,
|d 1928-1984
|t Johann Gottlieb Fichte und seine Bedeutung für die Gegenwart
|9 518490
|
| 700 |
1 |
2 |
|a Mende, Georg
|t Fichte in Jena
|9 518491
|
| 830 |
|
0 |
|a Jener Reden und Schtiften
|p Neue Folge
|9 518492
|
| 852 |
|
|
|a Slovenská národná knižnica
|
| 958 |
|
|
|a RK
|
| 999 |
|
|
|c 798487
|d 800417
|
| 952 |
|
|
|a SNK
|b SNK
|y VYP
|7 0
|p 17A1317260
|o snkIC 33948
|i snkV 795/63
|8 2
|0 0
|1 0
|4 0
|d 1996-08-12
|l 0
|r 2005-01-01 00:00:00
|w 2026-02-24
|